Ода Килину Виктору Андреевичу по случаю защиты докторской диссертации: [стихи]; Мы - математики

書誌詳細
Parent link:Мы - математики.— 2005.— С. 60-62
第一著者: Зеличенко В. М.
その他の著者: Конев В. В. Валерий Васильевич
言語:ロシア語
出版事項: 2005
主題:
フォーマット: MixedMaterials 図書の章
KOHA link:https://koha.lib.tpu.ru/cgi-bin/koha/opac-detail.pl?biblionumber=191820

MARC

LEADER 00000naa2a2200000 4500
001 191820
005 20231031180856.0
035 |a (RuTPU)RU\TPU\book\209184 
090 |a 191820 
100 |a 20110211d2005 k y0rusy50 ca 
101 0 |a rus 
102 |a RU 
200 1 |a Ода Килину Виктору Андреевичу по случаю защиты докторской диссертации  |e [стихи]  |f В. М. Зеличенко, В. В. Конев 
463 0 |0 (RuTPU)RU\TPU\book\86617  |t Мы - математики  |o альманах  |f Томский политехнический университет. Кафедра высшей матемстики  |v С. 60-62  |d 2005  |p 106 с. 
600 1 |a Килин  |b В. А.  |g Виктор Андреевич 
610 1 |a высшая математика 
610 1 |a кафедры 
610 1 |a математики 
610 1 |a научная деятельность 
610 1 |a юмор 
610 1 |a труды учёных ТПУ 
700 1 |a Зеличенко  |b В. М. 
701 1 |a Конев  |b В. В.  |c математик  |c доцент Томского политехнического университета, кандидат физико-математических наук  |f 1951-  |g Валерий Васильевич  |2 stltpush  |3 (RuTPU)RU\TPU\pers\28955  |4 070 
801 1 |a RU  |b 63413507  |c 20110211 
801 2 |a RU  |b 63413507  |c 20111205  |g RCR 
942 |c BK